000 00408nam a22001697a 4500
003 koha_MIRAKIL
005 20241018102458.0
008 231213b |||||||| |||| 00| 0 ||| d
040 _aTR-IsEVY
_btur
_cTR-IsEVY
082 _a581.3 GIB
100 _aGIBBONS, GAIL.
245 0 _aFROM SEED TO PLANT.
260 _bHoliday House,
_c1991
300 _a[ ] p.
650 _aİngiliz Dili.
942 _2ddc
_cBK
999 _c5469
_d5469